<A> model of contagious currency crises with application to Argentina

Gespeichert in:
Bibliographische Detailangaben
1. Verfasser: Choueiri, Nada
Format: Buch
Sprache:Englisch
Veröffentlicht: Washington International Monetary Fund 1999
Schriftenreihe:IMF Working Paper 29
Schlagworte:
Tags: Tag hinzufügen
Keine Tags, Fügen Sie das erste Tag hinzu!

MARC

LEADER 00000nam a2200000 4500
001 c110401
005 20221221083002.4
041 0 |a eng 
044 |a US 
245 1 0 |a <A> model of contagious currency crises with application to Argentina  |c Nada Choueiri 
264 1 |a Washington  |b International Monetary Fund  |c 1999 
300 |a 26 s. 
490 1 |a IMF Working Paper  |v 29 
830 0 |a IMF Working Paper  |v 29 
610 2 0 |a kríza menová 
610 2 0 |a Argentína 
610 2 0 |a modelovanie ekonometrické 
610 2 0 |a modely ekonometrické 
610 2 0 |a papiere cenné 
100 1 |a Choueiri, Nada